000 00286nam a2200121Ia 4500
008 191201s2009 xx 000 0 und d
100 _aPEERUMOHAMED, H
245 0 _aService Marketing MBA SEM.4
260 _aN. Delhi
_bVikas Pub
_c2009
300 _a297
650 _aMBA
942 _2ddc
_cBK
999 _c273
_d273